| 000 | 00496nam a22001931c 4500 | ||
|---|---|---|---|
| 001 | a987677757 | ||
| 008 | 161101s2015 gw |||| 000u rus d | ||
| 020 |
_a9785335038103 _9978-5-335-03810-3 |
||
| 041 | _arus | ||
| 245 | 0 | 0 | _aČernjachovskij |
| 264 |
_aMoskva : _bMolodaja gvardija, _c2015 |
||
| 300 | _a422 S. | ||
| 600 | 0 | _aCernjachovskij, Ivan D. | |
| 655 | 0 | _aBiographie | |
| 942 | _cMG | ||
| 040 | _cRU-10907106 | ||
| 003 | RU-10907106 | ||
| 999 |
_c23297 _d23297 |
||
| 490 | 0 |
_aŽizn' zamečatel'nych ljudej _v1756 |
|